Encyclopedia of the Palestinians /

"The scholarship and the balanced nature of a controversial, highly partisan issue are what make this volume important and useful to students of current events. The articles are clear and accessible, and discuss the political movements, arts, customs, and individuals that have made an impact on...

وصف كامل

محفوظ في:

المؤلف الرئيسي: Mattar, Philip, 1944- (مؤلف)

التنسيق: كتاب

اللغة: English

سلاسل: Facts on File library of world history.

الموضوعات:

الوسوم: إضافة وسم

لا توجد وسوم, كن أول من يضع وسما على هذه التسجيلة!

رقم الطلب: ( REF )DS113.6 .E53 2000

LEADER 01368namaa2200277 4500
001 17112
003 OSt
005 20210807122106.0
008 130303s2000 nyub g be 001 0ceng d
952 |0 0  |1 0  |2 lcc  |4 0  |7 1  |9 17501  |a ARCE  |b ARCE  |d 2021-08-07  |l 0  |o ( REF )DS113.6 .E53 2000  |p 1037958  |r 2021-08-07 00:00:00  |w 2021-08-07  |y BK 
999 |c 14369  |d 14369 
010 |a 99023510 
040 |c ARCE Library 
043 |a ma-----  |a awba---  |a awgz---  
050 0 4 |a ( REF )DS113.6 .E53 2000 
100 1 |a Mattar, Philip,  |d 1944-  |e author 
245 1 0 |a Encyclopedia of the Palestinians /  |c edited by Philip Mattar. 
264 1 |a New York :  |b Facts on File,  |c 2000. 
300 |a xi, 514 pages :  |b maps ;  |c 28 cm. 
490 0 |a Facts on File library of world history. 
504 |a Includes bibliographical references (pages 487-500) and index. 
520 1 |a "The scholarship and the balanced nature of a controversial, highly partisan issue are what make this volume important and useful to students of current events. The articles are clear and accessible, and discuss the political movements, arts, customs, and individuals that have made an impact on the Palestinian world."--"Outstanding Reference Sources," American Libraries, May 2001. 
650 0 |a Palestinian Arabs  |v Biography  |v Encyclopedias. 
650 0 |a Arab-Israeli conflict  |v Encyclopedias. 
901 |a reviewed 
942 |c BK  |2 lcc